Are affirmative action hires less qualified? (Registro nro. 33510)

Detalles MARC
000 -LEADER
fixed length control field 00367 a2200121 4500
001 - CONTROL NUMBER
control field ART_43745
005 - DATE AND TIME OF LATEST TRANSACTION
control field 20260410162025.0
008 - FIXED-LENGTH DATA ELEMENTS--GENERAL INFORMATION
fixed length control field 260409a
100 1# - MAIN ENTRY--PERSONAL NAME
Personal name Holzer, Harry J.
245 10 - TITLE STATEMENT
Title Are affirmative action hires less qualified?
700 1# - ADDED ENTRY--PERSONAL NAME
Personal name Neumark, David
773 0# - HOST ITEM ENTRY
Title Journal of labor economics
Related parts - Vol. 17, Nº 3 (jul. 1999)
Record control number REV43438

No hay ítems disponibles.